000 00680nam a22002177a 4500
003 UA-OsUOA
001 117430
007 ta
008 20160523b un ||||| |||| 00| 0 ukr d
100 _aФіазова О.Л.
090 _a330(477)
_bФ68
942 _cSA
040 _aUA-OsUOA
_bukr
_cUA-OsUOA
_dUA-OsUOA
245 _aГудвіл, як об'єкт стратегічного управління вітчизняни підприємством
300 _aС.18-21
955 _a0
041 _aukr
080 _a330(477)
773 0 _w117428
_tЕкономіка. Фінанси. Право.
_dК.
_d2016
_g4
650 7 _a330 Економіка взагалі
_2UDC
999 _c403459
_d403459